His perfect faithfulness : (Record no. 3789)
[ view plain ]
| 000 -LEADER | |
|---|---|
| fixed length control field | 01030cam a2200301 a 4500 |
| 001 - CONTROL NUMBER | |
| control field | 1146960 |
| 003 - CONTROL NUMBER IDENTIFIER | |
| control field | Ke-BoTe |
| 005 - DATE AND TIME OF LATEST TRANSACTION | |
| control field | 20220609132734.0 |
| 008 - FIXED-LENGTH DATA ELEMENTS--GENERAL INFORMATION | |
| fixed length control field | 951003s1996 cou 000 0deng |
| 010 ## - LIBRARY OF CONGRESS CONTROL NUMBER | |
| LC control number | 95080695 |
| 020 ## - INTERNATIONAL STANDARD BOOK NUMBER | |
| International Standard Book Number | 1881189058 |
| 040 ## - CATALOGING SOURCE | |
| Original cataloging agency | DLC |
| Transcribing agency | DLC |
| 050 00 - LIBRARY OF CONGRESS CALL NUMBER | |
| Classification number | BV4531.2 |
| Item number | .L83 1996 |
| 082 00 - DEWEY DECIMAL CLASSIFICATION NUMBER | |
| Classification number | 241/.676 |
| Edition number | 20 |
| 100 1# - MAIN ENTRY--PERSONAL NAME | |
| Personal name | Ludy, Eric. |
| 9 (RLIN) | 8029 |
| 245 10 - TITLE STATEMENT | |
| Title | His perfect faithfulness : |
| Remainder of title | the story of our courtship / |
| Statement of responsibility, etc. | Eric & Leslie Ludy. |
| 260 ## - PUBLICATION, DISTRIBUTION, ETC. | |
| Place of publication, distribution, etc. | Littleton, Colo. : |
| Name of publisher, distributor, etc. | Harvest Books, |
| Date of publication, distribution, etc. | c1996. |
| 300 ## - PHYSICAL DESCRIPTION | |
| Extent | 102 p. ; |
| Dimensions | 22 cm. |
| 600 10 - SUBJECT ADDED ENTRY--PERSONAL NAME | |
| Personal name | Ludy, Leslie. |
| 9 (RLIN) | 8030 |
| 600 10 - SUBJECT ADDED ENTRY--PERSONAL NAME | |
| Personal name | Ludy, Eric. |
| 9 (RLIN) | 8029 |
| 650 #0 - SUBJECT ADDED ENTRY--TOPICAL TERM | |
| Topical term or geographic name entry element | Christian youth |
| General subdivision | Religious life. |
| 9 (RLIN) | 8031 |
| 650 #0 - SUBJECT ADDED ENTRY--TOPICAL TERM | |
| Topical term or geographic name entry element | Courtship |
| General subdivision | Religious aspects |
| -- | Christianity. |
| 9 (RLIN) | 8032 |
| 650 #0 - SUBJECT ADDED ENTRY--TOPICAL TERM | |
| Topical term or geographic name entry element | Dating (Social customs) |
| General subdivision | Religious aspects |
| -- | Christianity. |
| 9 (RLIN) | 8033 |
| 700 1# - ADDED ENTRY--PERSONAL NAME | |
| Personal name | Ludy, Leslie. |
| 9 (RLIN) | 8030 |
| 906 ## - LOCAL DATA ELEMENT F, LDF (RLIN) | |
| a | 7 |
| b | cbc |
| c | orignew |
| d | 3 |
| e | opcn |
| f | 19 |
| g | y-gencatlg |
| 942 ## - ADDED ENTRY ELEMENTS (KOHA) | |
| Source of classification or shelving scheme | Library of Congress Classification |
| Koha item type | Books |
| Suppress in OPAC | No |
| Withdrawn status | Lost status | Source of classification or shelving scheme | Damaged status | Not for loan | Collection code | Home library | Current library | Shelving location | Date acquired | Total Checkouts | Full call number | Barcode | Date last seen | Price effective from | Koha item type |
|---|---|---|---|---|---|---|---|---|---|---|---|---|---|---|---|
| Library of Congress Classification | Fiction | SCHOOL OF HEALTH SCIENCES | SCHOOL OF HEALTH SCIENCES | General Stacks | 09.06.2022 | BV4531.2.L83 1996 | 00003354 | 09.06.2022 | 09.06.2022 | Books |
